Electronic drafting and design (Record no. 20866)

000 -LEADER
fixed length control field 00602nam a22002051 4500
001 - CONTROL NUMBER
control field 20866
003 - CONTROL NUMBER IDENTIFIER
control field BD-DhUET
008 - FIXED-LENGTH DATA ELEMENTS--GENERAL INFORMATION
fixed length control field 840208s1966 nyua b 000 0 eng
040 ## - CATALOGING SOURCE
Original cataloging agency DLC
Transcribing agency DLC
Modifying agency BD-DhUET
082 00 - DEWEY DECIMAL CLASSIFICATION NUMBER
Classification number 623.004
Item number RAS/1966
100 ## - MAIN ENTRY--PERSONAL NAME
Personal name Raskhodoff, Nicholas M.
245 10 - TITLE STATEMENT
Title Electronic drafting and design
250 ## - EDITION STATEMENT
Edition statement 1st ed.
260 ## - PUBLICATION, DISTRIBUTION, ETC. (IMPRINT)
Place of publication, distribution, etc. New Jersey
Date of publication, distribution, etc. 1966
Name of publisher, distributor, etc. Prentice-Hall
300 ## - PHYSICAL DESCRIPTION
Extent xii, 594 p.
Other physical details illus.
Dimensions 24 cm.
490 ## - SERIES STATEMENT
Series statement Prentice-Hall series in electronic technology
504 ## - BIBLIOGRAPHY, ETC. NOTE
Bibliography, etc Includes bibliographies
650 #0 - SUBJECT ADDED ENTRY--TOPICAL TERM
Topical term or geographic name as entry element Electrical Engineering : Design and drafting
942 ## - ADDED ENTRY ELEMENTS (KOHA)
Koha item type General Book
Holdings
Shelving location Koha date last seen Not for loan Koha normalized classification for sorting Piece designation (barcode) Source of classification or shelving scheme Damaged status Withdrawn status Lost status Price effective from Koha item type Copy number Koha full call number Date acquired Location (home branch) Sublocation or collection (holding branch)
Circulation section2015-04-13 623_004000000000000_RAS_19667779    2015-04-13General Book1623.004/RAS/19662015-04-13Central Library, BUETCentral Library, BUET
Circulation section2015-04-13 623_004000000000000_RAS_19667778    2015-04-13General Book2623.004/RAS/19662015-04-13Central Library, BUETCentral Library, BUET
Circulation section2015-04-13 623_004000000000000_RAS_19667782    2015-04-13General Book3623.004/RAS/19662015-04-13Central Library, BUETCentral Library, BUET
Circulation section2015-04-13 623_004000000000000_RAS_19667780    2015-04-13General Book4623.004/RAS/19662015-04-13Central Library, BUETCentral Library, BUET
Circulation section2015-04-13 623_004000000000000_RAS_196620020    2015-04-13General Book5623.004/RAS/19662015-04-13Central Library, BUETCentral Library, BUET
Circulation section2015-04-13 623_004000000000000_RAS_19667781    2015-04-13General Book6623.004/RAS/19662015-04-13Central Library, BUETCentral Library, BUET
Reading section2015-06-25 623_004000000000000_RAS_19667783    2015-06-25General Book7623.004/RAS/19662015-06-25Central Library, BUETCentral Library, BUET